[Event "SVK-ch U2400"]
[Site "Liptovsky Jan"]
[Date "2025.06.13"]
[Round "4"]
[White "Srnak, Martin"]
[Black "Rut, Vojtech"]
[Result "0-1"]
[WhiteElo "1703"]
[BlackElo "2055"]
[PlyCount "70"]
[EventDate "2025.06.12"]
[EventType "swiss"]
[EventRounds "8"]
[EventCountry "SVK"]
[SourceTitle "CB25_2025"]
[SourceDate "2025.06.18"]
[SourceVersion "1"]
[SourceVersionDate "2025.06.18"]
[SourceQuality "1"]

1. d4 Nf6 2. c4 e6 3. Nc3 Bb4 4. Bg5 h6 5. Bd2 0-0 6. Ne4 Bxd2+ 7. Nxd2 c5 8. e3 b6 9. Nb3 Bb7 10. Nf3 d6 11. Bd3 Nbd7 12. 0-0 e5 13. Bf5 Qe7 14. Bxd7 Nxd7 15. d5 f5 16. g3 e4 17. Nh4 Ne5 18. Nd2 g5 19. Ng2 b5 20. b3 Ba6 21. Qc2 Rab8 22. Rab1 Rb6 23. a4 bxc4 24. Nxc4 Bxc4 25. bxc4 Rfb8 26. Rb5 a6 27. Ra5 Rb2 28. Qd1 R8b6 29. Qc1 Nf3+ 30. Kh1 Qb7 31. Qc3 Rb1 32. Ne1 Ne5 33. Kg2 R6b3 34. Qc2 Qb6 35. Qe2 g4 0-1

[Event "Pardubice rapid op 35th"]
[Site "Pardubice"]
[Date "2024.07.18"]
[Round "4"]
[White "Rut, Vojtech"]
[Black "Migalko, Dmitriy"]
[Result "0-1"]
[WhiteElo "2038"]
[BlackElo "1856"]
[PlyCount "100"]
[EventDate "2024.07.17"]
[EventType "swiss (rapid)"]
[EventRounds "9"]
[EventCountry "CZE"]
[SourceTitle "CBM 221 Extra"]
[Source "ChessBase"]
[SourceDate "2024.09.30"]
[SourceVersion "1"]
[SourceVersionDate "2024.09.30"]
[SourceQuality "1"]

1. g3 d5 2. Nf3 Nf6 3. Bg2 e6 4. d4 Be7 5. 0-0 0-0 6. c4 dxc4 7. Qc2 a6 8. Qxc4 b5 9. Qc2 Bb7 10. Bf4 Nc6 11. Nbd2 Rc8 12. Rac1 Nb4 13. Qb1 c5 14. dxc5 Bxc5 15. Bg5 h6 16. Bf4 Qb6 17. h3 Nh5 18. Be5 Be7 19. a3 Nc6 20. Bc3 Nxg3 21. Rfe1 Nh5 22. e3 Bf6 23. Ne4 Bxc3 24. Rxc3 Ne7 25. Rxc8 Rxc8 26. Nd4 e5 27. Nf3 f5 28. Nc3 Bxf3 29. Bxf3 Nf6 30. Rd1 Rd8 31. Qa2+ Kf8 32. Rxd8+ Qxd8 33. Qe6 e4 34. Be2 Qc8 35. Qd6 Qc6 36. Qd8+ Kf7 37. Bf1 Qd7 38. Qb6 Qc6 39. Qa7 Kf8 40. Ne2 Nc8 41. Qb8 Nd7 42. Qf4 Qf6 43. Nd4 Nd6 44. Kh1 g5 45. Qg3 Qe5 46. Kh2 f4 47. Qg4 fxe3+ 48. Kh1 Nf6 49. Qd1 exf2 50. Nc6 Qd5 0-1

[Event "Pardubice rapid op 35th"]
[Site "Pardubice"]
[Date "2024.07.17"]
[Round "2"]
[White "Rut, Vojtech"]
[Black "Dobrowolski, Piotr"]
[Result "0-1"]
[WhiteElo "2038"]
[BlackElo "2412"]
[PlyCount "80"]
[EventDate "2024.07.17"]
[EventType "swiss (rapid)"]
[EventRounds "9"]
[EventCountry "CZE"]
[SourceTitle "CBM 221 Extra"]
[Source "ChessBase"]
[SourceDate "2024.09.30"]
[SourceVersion "1"]
[SourceVersionDate "2024.09.30"]
[SourceQuality "1"]

1. Nf3 Nf6 2. g3 b5 3. a4 b4 4. Bg2 Bb7 5. 0-0 a5 6. d3 c5 7. e4 d6 8. Bg5 Nbd7 9. Re1 h6 10. Bf4 e5 11. Bc1 g6 12. Nbd2 Bg7 13. Nc4 Qc7 14. c3 0-0 15. Qb3 Rfe8 16. Bd2 d5 17. exd5 Bxd5 18. cxb4 cxb4 19. Rac1 Nc5 20. Qc2 e4 21. Bf4 Qa7 22. dxe4 Bxe4 23. Rxe4 Ncxe4 24. Nfe5 b3 25. Qe2 g5 26. Be3 Qa6 27. Qf3 Rac8 28. Qf5 Nd6 29. Nxd6 Rxc1+ 30. Bxc1 Qxd6 31. Nd3 Rd8 32. Bf1 Qd5 33. Ne5 Qe4 34. Qxe4 Nxe4 35. Nc6 Rd1 36. Be3 Nd2 37. Bxd2 Rxd2 38. Nxa5 Rxb2 39. Bc4 Rb1+ 40. Kg2 b2 0-1

[Event "Ricany op"]
[Site "Ricany"]
[Date "2024.07.06"]
[Round "9"]
[White "Kulhanek, Tomas"]
[Black "Rut, Vojtech"]
[Result "1-0"]
[WhiteElo "2319"]
[BlackElo "2028"]
[PlyCount "51"]
[EventDate "2024.06.29"]
[EventType "swiss"]
[EventRounds "9"]
[EventCountry "CZE"]
[SourceTitle "CBM 221 Extra"]
[Source "ChessBase"]
[SourceDate "2024.09.30"]
[SourceVersion "1"]
[SourceVersionDate "2024.09.30"]
[SourceQuality "1"]

1. e4 c5 2. Nf3 Nc6 3. Bb5 e6 4. 0-0 Nge7 5. b3 a6 6. Bxc6 Nxc6 7. Bb2 b5 8. a4 Bb7 9. axb5 axb5 10. Rxa8 Qxa8 11. Na3 Ba6 12. c4 bxc4 13. bxc4 Qb8 14. Qa4 Qxb2 15. Qxa6 Be7 16. Qc8+ Bd8 17. Nb5 Qc2 18. Nc7+ Ke7 19. Nd5+ Ke8 20. d4 Qa4 21. Nc7+ Ke7 22. d5 Na7 23. Qb8 f6 24. e5 fxe5 25. Re1 Qa5 26. dxe6 1-0

[Event "Ricany op"]
[Site "Ricany"]
[Date "2024.07.04"]
[Round "7"]
[White "Rut, Vojtech"]
[Black "Korniichuk, Oleksandra"]
[Result "1-0"]
[WhiteElo "2028"]
[BlackElo "1956"]
[PlyCount "171"]
[EventDate "2024.06.29"]
[EventType "swiss"]
[EventRounds "9"]
[EventCountry "CZE"]
[SourceTitle "CBM 221 Extra"]
[Source "ChessBase"]
[SourceDate "2024.09.30"]
[SourceVersion "1"]
[SourceVersionDate "2024.09.30"]
[SourceQuality "1"]

1. e4 c5 2. Nf3 Nc6 3. d4 cxd4 4. Nxd4 Nf6 5. Nc3 e5 6. Ndb5 d6 7. Bg5 a6 8. Na3 b5 9. Bxf6 gxf6 10. Nd5 Bg7 11. g3 0-0 12. Bg2 Rb8 13. 0-0 f5 14. exf5 Bxf5 15. c3 Ne7 16. Nxe7+ Qxe7 17. Nc2 Be6 18. Nb4 Rb6 19. a4 a5 20. Nc6 Qc7 21. axb5 Rxb5 22. b4 Rb6 23. Qa4 e4 24. b5 Bd5 25. Nxa5 Qxc3 26. Rfd1 Qc5 27. Rab1 Rc8 28. Rxd5 Qxd5 29. Bxe4 Qd4 30. Qxd4 Bxd4 31. Bc6 Rc7 32. Rd1 Bc5 33. Kg2 Bb4 34. Nc4 Rcxc6 35. bxc6 Rxc6 36. Ne3 Kg7 37. Rd5 Bc5 38. Nf5+ Kf6 39. g4 Ra6 40. Rd3 Ke5 41. Rf3 d5 42. Ng3 f6 43. Rf5+ Kd4 44. Nh5 Be7 45. Nf4 Rd6 46. Kf3 Kc4 47. Ke3 d4+ 48. Ke2 Ra6 49. Rd5 Bd6 50. Rf5 Be5 51. Ng2 d3+ 52. Ke3 Bd4+ 53. Kf3 Rd6 54. Nf4 d2 55. Ke2 Be5 56. Kd1 Kc3 57. Ne2+ Kd3 58. Rf3+ Kc4 59. h3 Rd3 60. Ng1 Rd6 61. Ra3 Bc3 62. Ne2 Bb4 63. Rf3 Ra6 64. Rf4+ Kb3 65. Nd4+ Kb2 66. Nc2 Bc3 67. Rf5 Rb6 68. Rd5 Kb3 69. Ne3 Bb4 70. Rd3+ Ka4 71. Nd5 Rb5 72. Rd4 Kb3 73. Rxb4+ Rxb4 74. Nxb4 Kxb4 75. Kxd2 Kc4 76. Ke3 Kd5 77. Kf4 Ke6 78. Ke4 h6 79. Kf4 Kf7 80. Kf5 Kg7 81. h4 Kf7 82. h5 Kg7 83. Ke6 Kf8 84. Kxf6 Kg8 85. Kg6 Kh8 86. Kxh6 1-0

[Event "Ricany op"]
[Site "Ricany"]
[Date "2024.06.30"]
[Round "2"]
[White "Steiner, Juraj"]
[Black "Rut, Vojtech"]
[Result "1-0"]
[WhiteElo "1912"]
[BlackElo "2028"]
[PlyCount "20"]
[EventDate "2024.06.29"]
[EventType "swiss"]
[EventRounds "9"]
[EventCountry "CZE"]
[SourceTitle "CBM 221 Extra"]
[Source "ChessBase"]
[SourceDate "2024.09.30"]
[SourceVersion "1"]
[SourceVersionDate "2024.09.30"]
[SourceQuality "1"]

1. d4 f5 2. Nc3 d5 3. f3 Nf6 4. Bg5 c5 5. e4 cxd4 6. Nb5 e5 7. Bxf6 gxf6 8. f4 Qa5+ 9. c3 dxc3 10. Qh5+ Ke7 1-0

[Event "SVK-ch U2300"]
[Site "Liptovsky Jan"]
[Date "2024.06.18"]
[Round "7"]
[White "Gyerpal, Adrian"]
[Black "Rut, Vojtech"]
[Result "1/2-1/2"]
[WhiteElo "2227"]
[BlackElo "2028"]
[PlyCount "82"]
[EventDate "2024.06.15"]
[EventType "swiss"]
[EventRounds "8"]
[EventCountry "SVK"]
[SourceTitle "CBM 220 Extra"]
[Source "ChessBase"]
[SourceDate "2024.07.31"]
[SourceVersion "1"]
[SourceVersionDate "2024.07.31"]
[SourceQuality "1"]

1. e4 c5 2. Nf3 Nc6 3. Bb5 e6 4. 0-0 Nge7 5. d4 cxd4 6. Nxd4 Ng6 7. Nc3 Be7 8. Be3 0-0 9. a4 Nxd4 10. Qxd4 Bf6 11. Qd2 Qc7 12. Rad1 b6 13. Bd4 Be5 14. Bxe5 Nxe5 15. Qd6 Qxd6 16. Rxd6 Rd8 17. f4 Ng4 18. Rfd1 Kf8 19. Bxd7 Ke7 20. Bc6 Rxd6 21. Rxd6 Kxd6 22. Bxa8 Kc5 23. e5 Bd7 24. Bf3 Ne3 25. Ne4+ Kb4 26. c3+ Kb3 27. Nd6 Kxb2 28. Kf2 Nf5 29. Nxf7 Kxc3 30. g4 Nd4 31. Bd1 Kd2 32. Bf3 Bxa4 33. Be4 Bd1 34. f5 Bxg4 35. f6 gxf6 36. exf6 Bh5 37. Ne5 Nf5 38. Bf3 Be8 39. Bc6 Bh5 40. Bf3 Be8 41. Bc6 Bh5 1/2-1/2

[Event "SVK-ch U2300"]
[Site "Liptovsky Jan"]
[Date "2024.06.15"]
[Round "2"]
[White "Janik, Marek Tobias"]
[Black "Rut, Vojtech"]
[Result "1-0"]
[WhiteElo "1868"]
[BlackElo "2028"]
[PlyCount "69"]
[EventDate "2024.06.15"]
[EventType "swiss"]
[EventRounds "8"]
[EventCountry "SVK"]
[SourceTitle "CBM 220 Extra"]
[Source "ChessBase"]
[SourceDate "2024.07.31"]
[SourceVersion "1"]
[SourceVersionDate "2024.07.31"]
[SourceQuality "1"]

1. e4 c5 2. Nf3 Nc6 3. Bb5 e6 4. 0-0 Nge7 5. d4 cxd4 6. Nxd4 Nxd4 7. Qxd4 Nc6 8. Qc3 Qf6 9. Qg3 Bc5 10. Nc3 0-0 11. Bf4 Bd4 12. Rad1 Bxc3 13. bxc3 a6 14. Bd3 Qg6 15. Bd6 Re8 16. e5 Qxg3 17. fxg3 b5 18. Rf4 Bb7 19. a4 bxa4 20. Rb1 Nd8 21. Rxa4 a5 22. Rf1 Bc6 23. Rh4 h6 24. g4 a4 25. Ba3 Ra5 26. Re1 Bb5 27. c4 Bc6 28. g5 hxg5 29. Bh7+ Kh8 30. Rh5 g4 31. Re3 g6 32. Bxg6+ Kg8 33. Bh7+ Kg7 34. Rg3 f5 35. exf6+ 1-0

[Event "Ricany op"]
[Site "Ricany"]
[Date "2023.08.30"]
[Round "6"]
[White "Rut, Vojtech"]
[Black "Konvalinka, Vladislav"]
[Result "1-0"]
[WhiteElo "2061"]
[BlackElo "1705"]
[PlyCount "53"]
[EventDate "2023.08.26"]
[EventType "swiss"]
[EventRounds "9"]
[EventCountry "CZE"]
[SourceTitle "CBM 216 Extra"]
[Source "ChessBase"]
[SourceDate "2023.11.30"]
[SourceVersion "1"]
[SourceVersionDate "2023.11.30"]
[SourceQuality "1"]

1. e4 c6 2. d4 d5 3. e5 c5 4. dxc5 e6 5. a3 Bxc5 6. b4 Be7 7. Qg4 Bf8 8. Nf3 Nc6 9. b5 Na5 10. Bd3 Ne7 11. Nbd2 Qc7 12. Bb2 g6 13. h4 h6 14. h5 Rg8 15. hxg6 Nxg6 16. Rc1 Qd8 17. Qa4 b6 18. Kf1 Bd7 19. Nh2 Nb7 20. Nb3 Nc5 21. Nxc5 bxc5 22. Ng4 Rh8 23. Nf6+ Ke7 24. Qg4 Be8 25. a4 Rc8 26. f4 Bg7 27. f5 1-0

[Event "Ricany op"]
[Site "Ricany"]
[Date "2023.08.28"]
[Round "4"]
[White "Rut, Vojtech"]
[Black "Popov, Roman4"]
[Result "1/2-1/2"]
[WhiteElo "2061"]
[BlackElo "1925"]
[PlyCount "95"]
[EventDate "2023.08.26"]
[EventType "swiss"]
[EventRounds "9"]
[EventCountry "CZE"]
[SourceTitle "CBM 216 Extra"]
[Source "ChessBase"]
[SourceDate "2023.11.30"]
[SourceVersion "1"]
[SourceVersionDate "2023.11.30"]
[SourceQuality "1"]

1. c4 c6 2. Nf3 d5 3. e3 Nf6 4. Nc3 e6 5. b3 Be7 6. Bb2 0-0 7. Qc2 a6 8. Be2 c5 9. cxd5 exd5 10. d4 b6 11. 0-0 Bb7 12. Rfd1 Qc7 13. Rac1 Nbd7 14. Qf5 Rfd8 15. Ng5 Nf8 16. Bf3 h6 17. Nh3 Bc8 18. Qd3 Bd6 19. dxc5 Bxh2+ 20. Kh1 bxc5 21. Nxd5 Nxd5 22. Bxd5 Be6 23. Qc3 Be5 24. Qxe5 Qxe5 25. Bxe5 Bxd5 26. Nf4 Bb7 27. Rxd8 Rxd8 28. Rxc5 Nd7 29. Bc7 Nxc5 30. Bxd8 Ne6 31. Nxe6 fxe6 32. Kh2 Kf7 33. g4 e5 34. Kg3 e4 35. Kf4 Ke6 36. g5 hxg5+ 37. Kxg5 Kd6 38. Kg6 Kc5 39. Be7+ Kb5 40. Kxg7 a5 41. Kf6 a4 42. bxa4+ Kxa4 43. Ke5 Ba8 44. Bc5 Bb7 45. f4 exf3 46. e4 f2 47. Bxf2 Ka3 48. Kd4 1/2-1/2

[Event "Ricany op"]
[Site "Ricany"]
[Date "2023.08.27"]
[Round "2"]
[White "Rut, Vojtech"]
[Black "Kovar, Jan2"]
[Result "1-0"]
[WhiteElo "2061"]
[BlackElo "1810"]
[PlyCount "55"]
[EventDate "2023.08.26"]
[EventType "swiss"]
[EventRounds "9"]
[EventCountry "CZE"]
[SourceTitle "CBM 216 Extra"]
[Source "ChessBase"]
[SourceDate "2023.11.30"]
[SourceVersion "1"]
[SourceVersionDate "2023.11.30"]
[SourceQuality "1"]

1. Nf3 d5 2. c4 e6 3. g3 Nf6 4. Bg2 dxc4 5. Qa4+ Bd7 6. Qxc4 c5 7. Ne5 Qc8 8. 0-0 Nc6 9. Nxd7 Qxd7 10. b3 Be7 11. Bb2 Rc8 12. e3 0-0 13. Rd1 Rfd8 14. d3 Nb4 15. Qc3 Nbd5 16. Qc2 Nb4 17. Qe2 b6 18. a3 Nc6 19. Nc3 Qc7 20. Rac1 Qb8 21. f4 Bf8 22. g4 Nd5 23. Ne4 f6 24. Ba1 e5 25. g5 f5 26. Ng3 g6 27. fxe5 Nxe5 28. d4 1-0

[Event "SVK-ch Amateurs"]
[Site "Radava"]
[Date "2022.11.16"]
[Round "5"]
[White "Rut, Vojtech"]
[Black "Lihosith, Peter"]
[Result "0-1"]
[WhiteElo "2087"]
[BlackElo "1800"]
[PlyCount "36"]
[EventDate "2022.11.14"]
[EventType "swiss"]
[EventRounds "8"]
[EventCountry "SVK"]
[SourceTitle "CBM 211 Extra"]
[Source "ChessBase"]
[SourceDate "2023.01.31"]
[SourceVersion "1"]
[SourceVersionDate "2023.01.31"]
[SourceQuality "1"]

1. e4 e5 2. f4 exf4 3. Nf3 g5 4. d4 Bh6 5. Nc3 d6 6. d5 a6 7. g3 Bg4 8. h4 f6 9. gxf4 gxf4 10. Rg1 f5 11. exf5 Qe7+ 12. Kf2 Bxf3 13. Kxf3 Nd7 14. Bh3 Qxh4 15. Qe1+ Ne5+ 16. Kg2 f3+ 17. Kh2 f2 18. Rxg8+ Rxg8 0-1

[Event "SVK-ch Amateurs"]
[Site "Radava"]
[Date "2022.11.14"]
[Round "2"]
[White "Bracha, Pavel"]
[Black "Rut, Vojtech"]
[Result "1/2-1/2"]
[WhiteElo "1804"]
[BlackElo "2087"]
[PlyCount "71"]
[EventDate "2022.11.14"]
[EventType "swiss"]
[EventRounds "8"]
[EventCountry "SVK"]
[SourceTitle "CBM 211 Extra"]
[Source "ChessBase"]
[SourceDate "2023.01.31"]
[SourceVersion "1"]
[SourceVersionDate "2023.01.31"]
[SourceQuality "1"]

1. e4 c5 2. Nf3 Nc6 3. d4 cxd4 4. Nxd4 Nf6 5. Nc3 d6 6. Be2 g6 7. 0-0 Bg7 8. Be3 0-0 9. f4 Bd7 10. f5 Ne5 11. Qd2 Rc8 12. Kh1 Nc4 13. Bxc4 Rxc4 14. Rad1 Ng4 15. Bg1 Re8 16. h3 Nf6 17. Be3 Qa5 18. Nb3 Qc7 19. Bd4 Rxc3 20. bxc3 Nxe4 21. Qe3 Bxf5 22. Bxg7 Kxg7 23. Nd4 d5 24. Nxf5+ gxf5 25. Rxf5 Ng3+ 26. Kg1 Nxf5 27. Qg5+ Kf8 28. Qxf5 e6 29. Qf6 Qg3 30. Rf1 Qg6 31. Qh8+ Ke7 32. Qd4 b6 33. Qb4+ Kd7 34. Qa4+ Ke7 35. Qb4+ Kd7 36. Qa4+ 1/2-1/2

[Event "Ricany op 20th"]
[Site "Ricany"]
[Date "2022.08.28"]
[Round "3"]
[White "Horak, Jan"]
[Black "Rut, Vojtech"]
[Result "1/2-1/2"]
[WhiteElo "2155"]
[BlackElo "2111"]
[PlyCount "57"]
[EventDate "2022.08.27"]
[EventType "swiss"]
[EventRounds "9"]
[EventCountry "CZE"]
[SourceTitle "CBM 210 Extra"]
[Source "ChessBase"]
[SourceDate "2022.11.30"]
[SourceVersion "1"]
[SourceVersionDate "2022.11.30"]
[SourceQuality "1"]

1. e4 c5 2. Nc3 a6 3. g3 b5 4. Bg2 Bb7 5. d3 Nc6 6. Nf3 b4 7. Ne2 e5 8. Be3 Nf6 9. 0-0 d5 10. Nd2 Be7 11. h3 h6 12. f4 Qd7 13. c3 a5 14. fxe5 Nxe5 15. d4 cxd4 16. cxd4 Nd3 17. e5 Ne4 18. Qb3 a4 19. Qxd3 Ba6 20. Qb1 Bxe2 21. Re1 Nxd2 22. Bxd2 Bh5 23. g4 Bg6 24. e6 Qd6 25. exf7+ Kxf7 26. Qc1 Bf6 27. Bf4 Bxd4+ 28. Kh1 Qf6 29. Bxd5+ 1/2-1/2

[Event "CZE-ch Betsys Online Blitz"]
[Site "Chess.com INT"]
[Date "2021.04.17"]
[Round "10"]
[White "Rut, Vojtech"]
[Black "Petras, Milan"]
[Result "1-0"]
[WhiteElo "2061"]
[BlackElo "1976"]
[PlyCount "73"]
[EventDate "2021.04.17"]
[EventType "swiss (blitz)"]
[EventRounds "13"]
[EventCountry "CZE"]
[SourceTitle "CBM 201 Extra"]
[Source "ChessBase"]
[SourceDate "2021.05.31"]
[SourceVersion "1"]
[SourceVersionDate "2021.05.31"]
[SourceQuality "1"]

1. Nf3 Nf6 2. d4 g6 3. g3 Bg7 4. Bg2 0-0 5. 0-0 d6 6. a4 Nbd7 7. Re1 e5 8. e4 Re8 9. Nc3 exd4 10. Nxd4 a6 11. h3 Nf8 12. a5 Ne6 13. Be3 Nc5 14. f3 Ne6 15. Kh2 Nxd4 16. Bxd4 Be6 17. Qd2 Qd7 18. Ne2 h5 19. Qc3 Qe7 20. Nf4 Rec8 21. e5 Ne8 22. Nxe6 fxe6 23. exd6 cxd6 24. Qd3 e5 25. Bb6 Qf6 26. Qd5+ Kh7 27. c3 Rc6 28. Qd3 Qf5 29. Rad1 Rac8 30. f4 exf4 31. Qxf5 gxf5 32. Bxc6 bxc6 33. gxf4 Nf6 34. Rxd6 Nd5 35. Rd7 Rb8 36. Rg1 Rg8 37. Bd4 1-0

[Event "CZE-ch Betsys Online Blitz"]
[Site "Chess.com INT"]
[Date "2021.04.17"]
[Round "9"]
[White "Vaculik, Jakub"]
[Black "Rut, Vojtech"]
[Result "1-0"]
[WhiteElo "2145"]
[BlackElo "2061"]
[PlyCount "53"]
[EventDate "2021.04.17"]
[EventType "swiss (blitz)"]
[EventRounds "13"]
[EventCountry "CZE"]
[SourceTitle "CBM 201 Extra"]
[Source "ChessBase"]
[SourceDate "2021.05.31"]
[SourceVersion "1"]
[SourceVersionDate "2021.05.31"]
[SourceQuality "1"]

1. e4 c6 2. d4 d5 3. e5 Bf5 4. f4 Qb6 5. Nf3 h6 6. c3 e6 7. Qb3 Ne7 8. Be3 Bg4 9. Nbd2 Nf5 10. Bf2 Nd7 11. h3 Bxf3 12. Nxf3 h5 13. Bd3 g6 14. 0-0 Be7 15. g4 hxg4 16. hxg4 Nh6 17. Nh2 0-0-0 18. Kg2 g5 19. Qxb6 axb6 20. f5 c5 21. f6 Bf8 22. Kg3 Kb8 23. Nf3 Rc8 24. Rh1 Rg8 25. Be3 cxd4 26. cxd4 Bb4 27. Rxh6 1-0

[Event "Pardubice Czech op-E 31st"]
[Site "Pardubice"]
[Date "2020.09.17"]
[Round "1.4"]
[White "Rut, Vojtech"]
[Black "Vagner, Patrik"]
[Result "1-0"]
[WhiteElo "2047"]
[BlackElo "1699"]
[PlyCount "25"]
[EventDate "2020.09.17"]
[EventType "team-swiss"]
[EventRounds "7"]
[EventCountry "CZE"]
[SourceTitle "CBM 198 Extra"]
[Source "ChessBase"]
[SourceDate "2020.11.30"]
[SourceVersion "1"]
[SourceVersionDate "2020.11.30"]
[SourceQuality "1"]
[WhiteTeam "Stay Positive"]
[BlackTeam "Beatnici"]
[WhiteTeamCountry "CZE"]
[BlackTeamCountry "CZE"]

1. d4 d5 2. Nf3 Nf6 3. Bf4 Bf5 4. e3 e6 5. Ne5 Nbd7 6. g4 Bg6 7. h4 h6 8. Nxg6 fxg6 9. Bd3 Kf7 10. Nd2 Be7 11. Rg1 Nh7 12. Qf3 Qe8 13. h5 1-0